| 000 | 01135cab a2200397 4500 | ||
|---|---|---|---|
| 001 | ABS52464 | ||
| 008 | 090401t1995 xxu||||| |||| 00| 0 eng d | ||
| 035 | _a(Sirsi) u79876 | ||
| 041 | _aeng | ||
| 245 | _aEstates Times survey: M3 & M27 corridors | ||
| 260 | _c1995 | ||
| 350 | _a0 | ||
| 490 |
_aEstates Times _v(1272) 24 March 1995, 9-23(15) |
||
| 650 | _aBASINGSTOKE | ||
| 650 | _aBLACKWATER VALLEY | ||
| 650 | _aCAMBERLEY | ||
| 650 | _aDEFENCE LAND | ||
| 650 | _aDISTRIBUTION MARKET | ||
| 650 | _aFAREHAM | ||
| 650 | _aINDUSTRIAL MARKET | ||
| 650 | _aM27 CORRIDOR | ||
| 650 | _aM3 CORRIDOR | ||
| 650 | _aOFFICE DEVELOPMENT | ||
| 650 | _aPROPERTY-COMMERCIAL PROPERTY-OFFICE PROPERTY-OFFICE PROPERTY MARKET | ||
| 650 | _aOFFICE RENTS | ||
| 650 | _aPLANNING ISSUES | ||
| 650 |
_aRefurbishment _96264 |
||
| 650 | _aPROPERTY-COMMERCIAL PROPERTY-RETAIL PROPERTY-RETAIL PROPERTY MARKET | ||
| 650 | _aRETAIL RENTS | ||
| 650 | _aSOLENT CITY | ||
| 650 | _aSOUTHAMPTON | ||
| 650 | _aWINCHESTER | ||
| 690 | _aPROPERTY-COMMERCIAL PROPERTY-COMMERCIAL PROPERTY MARKET | ||
| 942 | _n0 | ||
| 948 | _c04/03/1997 | ||
| 999 |
_c50265 _d50265 |
||